000 00585nam a2200193Ia 4500
003 GCL
008 140319s9999 xx 000 0 ara d
020 _a0152009660
040 _aGCL /
_cGCL
082 0 4 _a025.3
_bم م
245 1 0 _aمنهج التصنيف و الفهرسة فى مكتبة الملك فهد الوطنية
250 _aالثانية
260 _aالرياض :
_bمكتبة الملك فهد الوطنية ،
_c2000
300 _a214 ص ؛
_c24 سم
650 0 4 _aالفهرسة
650 0 4 _aالتصنيف
650 0 4 _aالعنوان
942 _2ddc
_cBK
999 _c6943
_d6943